|
|
|
|
| LEADER |
00937nam a22002654a 4500 |
| 001 |
27882 |
| 003 |
BD-DhAAL |
| 005 |
20140224154049.0 |
| 008 |
140224s2012 xxu 000 0 eng |
| 010 |
|
|
|a 2012450640
|
| 020 |
|
|
|a 9781118266991
|
| 040 |
|
|
|a DLC
|c DLC
|d BD-DhAAL
|
| 082 |
|
|
|2 22
|a 658.4092
|
| 245 |
0 |
0 |
|a Leading in complex worlds /
|c edited by JoAnn Danelo Barbour [et al.].
|
| 260 |
|
|
|a San Francisco, CA. :
|b Jossey-Bass ,
|c c2012.
|
| 300 |
|
|
|a xxi, 280 p. ;
|c 23 cm.
|
| 490 |
0 |
|
|a Building leadership bridges
|
| 504 |
|
|
|a Includes bibliographical references and index.
|
| 541 |
|
|
|e 27882
|
| 650 |
|
|
|a Transformational leadership.
|9 3874
|
| 650 |
|
|
|a Leadership
|9 3875
|
| 700 |
1 |
|
|a Barbour, JoAnn Danelo.
|9 3876
|
| 942 |
|
|
|2 ddc
|c BK
|
| 999 |
|
|
|c 14178
|d 14178
|
| 952 |
|
|
|0 0
|1 0
|2 ddc
|4 0
|6 658_409200000000000_LEA
|7 0
|9 23919
|a BRACUL
|b BRACUL
|c GEN
|d 2014-02-24
|l 2
|m 7
|o 658.4092 LEA
|p 3010027882
|r 2024-10-16
|s 2024-10-02
|t 1
|w 2014-02-24
|y BK
|